| 000 | 02959 a2200301 4500 | ||
|---|---|---|---|
| 008 | 090429t xxu||||| |||| 00| 0 hin d | ||
| 010 | _aB-293250-254 B-356879 | ||
| 020 |
_c250.00 _a9788188536269 |
||
| 035 | _aB-293250-254 | ||
| 035 | _a B-356879 | ||
| 037 | _bगुरूकुल विद्यापीठ प्रकाशन | ||
| 040 |
_adpl _bhn |
||
| 082 | _a301.153 | ||
| 100 | _aदत्त, उषा | ||
| 245 |
_aसाबरमती के संत महात्मा गाँधी / _cउषा दत्त |
||
| 260 |
_aदिल्ली _bगुरूकुल विद्यापीठ प्रकाशन _c2008 |
||
| 270 |
_aसी-9/96, यमुना विहार _bदिल्ली _e110053 |
||
| 300 |
_a208पृ _c22 सेमी (सजिल्द) |
||
| 942 |
_adpl _cHN _k/ दत्तउ _2ddc _mगाँधीमो _h301.153 |
||
| 999 |
_c13023 _d13023 |
||